[Event "C.to Italiano U14 femminile"]
[Site "Arvier ITA"]
[Date "2003.07.02"]
[Round "2"]
[White "Castellano, Fulvia"]
[Black "Sommacal, Mandy"]
[Result "1-0"]
[WhiteElo "1525"]
[BlackElo "1500"]
[PlyCount "103"]
[EventDate "2003.07.01"]

1. e4 e5 2. Nf3 Nc6 3. d4 exd4 4. Nxd4 d5 5. Bb5 Bd7 6. exd5 Ne5 7. Bf4 Bd6 8.
Qe2 Qe7 9. Nc3 f6 10. Nf5 Qf7 11. Bg3 Ne7 12. Nxd6+ cxd6 13. Bxe5 fxe5 14.
Bxd7+ Kxd7 15. Qg4+ Kd8 16. Nb5 Qxd5 17. Nxd6 Qxd6 18. Rd1 Nd5 19. Qe4 Ke7 20.
Rxd5 Qf6 21. Rxe5+ Kf8 22. Rf5 Re8 23. Rxf6+ gxf6 24. Qe2 Rg8 25. Qxe8+ Kxe8
26. g3 Rg7 27. Ke2 Rd7 28. Rd1 Re7+ 29. Kf3 Kf7 30. Rd4 Re5 31. Rd7+ Kg6 32.
Rxb7 a6 33. Rb6 a5 34. c4 Rc5 35. b3 a4 36. Rb5 Rc6 37. c5 axb3 38. axb3 Kf7
39. b4 Ke8 40. Rb6 Rxb6 41. cxb6 Kd7 42. Kf4 Kc6 43. Kf5 Kxb6 44. Kxf6 Kb5 45.
Kg7 Kxb4 46. Kxh7 Kc4 47. h4 Kd5 48. h5 Ke6 49. Kg7 Ke5 50. h6 Ke4 51. h7 Kf3
52. h8=Q 1-0

[Event "C.to Italiano U14 femminile"]
[Site "Arvier ITA"]
[Date "2003.07.02"]
[Round "3"]
[White "Tonel, Giulia"]
[Black "Castellano, Fulvia"]
[Result "0-1"]
[WhiteElo "1425"]
[BlackElo "1525"]
[PlyCount "90"]
[EventDate "2003.07.01"]

1. e4 c5 2. Nc3 d6 3. g3 Nf6 4. Bg2 Nc6 5. d3 e6 6. Nge2 Be7 7. O-O O-O 8. f4
a6 9. h3 Qc7 10. g4 b5 11. Ng3 Bb7 12. f5 d5 13. Qf3 Nd4 14. Qf2 Nxc2 15. Qxc2
Qxg3 16. Bf4 Qh4 17. Qd2 dxe4 18. Qe3 Nd5 19. Nxd5 exd5 20. dxe4 d4 21. Qd3
Rfd8 22. b3 Bd6 23. e5 Bxg2 24. Kxg2 Bc7 25. Qd2 h6 26. Rac1 Qe7 27. Rfe1 Rd5
28. e6 Bxf4 29. Qxf4 Qb7 30. Qf3 fxe6 31. fxe6 Rf8 32. Qe4 Qa8 33. e7 Re8 34.
Kg3 Qb8+ 35. Kg2 Qd6 36. Qf3 Re5 37. Qf4 Re2+ 38. Kg3 Rg2+ 39. Kxg2 Qxf4 40.
Rf1 Qe4+ 41. Kg3 Qxe7 42. Rf3 Qd6+ 43. Kg2 Re2+ 44. Rf2 Rxf2+ 45. Kxf2 Qf4+ 0-1

[Event "C.to Italiano U14 femminile"]
[Site "Arvier ITA"]
[Date "2003.07.03"]
[Round "4"]
[White "Castellano, Fulvia"]
[Black "Chierici, Marianna"]
[Result "0-1"]
[WhiteElo "1525"]
[BlackElo "1516"]
[PlyCount "130"]
[EventDate "2003.07.01"]

1. e4 e5 2. Nf3 d6 3. Nc3 Nf6 4. Bc4 h6 5. d4 Bg4 6. dxe5 Bxf3 7. Qxf3 dxe5 8.
Bd2 Qd4 9. Bb3 c6 10. O-O-O Qb6 11. Qf5 Qc7 12. f4 Nbd7 13. fxe5 Qxe5 14. Rhe1
g6 15. Qh3 Nc5 16. Rf1 Nxb3+ 17. axb3 Bg7 18. Be3 Rd8 19. Rxd8+ Kxd8 20. Bf4
Qe7 21. Rd1+ Nd7 22. Na4 b6 23. Bb8 Qg5+ 24. Kb1 f5 25. Bxa7 Ke7 26. Qd3 Ne5
27. Qd6+ Kf7 28. Bxb6 Qxg2 29. Bd8 Qxe4 30. Qe7+ Kg8 31. Qe6+ Kh7 32. Nc5 Qg4
33. Kc1 Qf4+ 34. Kb1 Qg4 35. Kc1 Rxd8 36. Rxd8 Qg5+ 37. Rd2 Qg1+ 38. Rd1 Qxc5
39. Kb1 Qe3 40. Qe7 Qf3 41. Re1 Qf4 42. h4 Qd4 43. h5 Qd5 44. hxg6+ Nxg6 45.
Qe8 Qd4 46. c3 Qd3+ 47. Ka2 f4 48. Qxc6 f3 49. Qb6 Qf5 50. Qf2 Ne5 51. Rg1 Ng4
52. Qg3 h5 53. Rf1 f2 54. Qh3 Kh6 55. Qg3 Kg5 56. b4 h4 57. Qg2 Be5 58. Qd5 h3
59. Qg8+ Kh4 60. Qd8+ Kg3 61. Qd2 Kg2 62. Qe2 h2 63. Qd1 Ne3 64. Qd8 Kxf1 65.
Qh4 Qf3 0-1

[Event "C.to Italiano U14 femminile"]
[Site "Arvier ITA"]
[Date "2003.07.04"]
[Round "5"]
[White "Chierici, Marianna"]
[Black "Sommacal, Mandy"]
[Result "0-1"]
[WhiteElo "1516"]
[BlackElo "1500"]
[PlyCount "96"]
[EventDate "2003.07.01"]

1. e4 e5 2. Nf3 Nc6 3. c3 Nf6 4. d3 d6 5. h3 Be7 6. Qb3 h6 7. Be2 Rb8 8. Be3 a6
9. Nbd2 Be6 10. Qc2 d5 11. exd5 Bxd5 12. O-O O-O 13. d4 e4 14. Ne1 Re8 15. c4
Nb4 16. Qb1 Be6 17. a3 Nd3 18. Nxd3 exd3 19. Qxd3 Qd7 20. Rad1 c6 21. Ne4 Bf5
22. Nxf6+ Bxf6 23. Qc3 c5 24. Qd2 cxd4 25. Bf4 Rbd8 26. Bf3 d3 27. Qb4 Re7 28.
Rfe1 Rde8 29. Rxe7 Rxe7 30. Bd6 Re6 31. c5 Be7 32. Bxe7 Rxe7 33. Qc3 Re6 34.
Qc4 d2 35. Qf1 Bc2 36. Ra1 Bd3 37. c6 bxc6 38. Bxc6 Rxc6 39. Qd1 Bc2 40. Qf3
d1=Q+ 41. Kh2 Q7d6+ 42. g3 Qxf3 43. Rg1 Qxf2+ 44. Kh1 Qxg1+ 45. Kxg1 Qxg3+ 46.
Kf1 Rf6+ 47. Ke2 Qd3+ 48. Ke1 Rf1# 0-1

[Event "C.to Italiano U14 femminile"]
[Site "Arvier ITA"]
[Date "2003.07.05"]
[Round "7"]
[White "Castellano, Fulvia"]
[Black "Scharrer, Isabel"]
[Result "1-0"]
[WhiteElo "1525"]
[BlackElo "1507"]
[PlyCount "83"]
[EventDate "2003.07.01"]

1. e4 c5 2. Nf3 d6 3. d4 cxd4 4. Nxd4 Nf6 5. Nc3 g6 6. Be2 Bg7 7. Be3 O-O 8.
Qd2 Nc6 9. h3 Bd7 10. f4 e5 11. Nf3 Qe7 12. f5 Nh5 13. Nd5 Qd8 14. Bh6 Nf6 15.
fxg6 fxg6 16. Bc4 Be6 17. O-O-O Nxe4 18. Qe3 Ng3 19. Bxg7 Nf5 20. Qd2 Kxg7 21.
Ng5 Bg8 22. Rhe1 Na5 23. b3 Nxc4 24. bxc4 h6 25. Ne4 Qc8 26. g4 Nd4 27. c3 Nf3
28. Ne7 Qd7 29. Qxd6 Qxd6 30. Nxd6 Nxe1 31. Rxe1 Kf6 32. Nd5+ Ke6 33. Nxb7 Kd7
34. Nc5+ Kd6 35. Nb7+ Kc6 36. Na5+ Kd6 37. Nb7+ Kd7 38. Rxe5 Rf1+ 39. Kc2 Rf2+
40. Kb3 Rb8 41. Re7+ Kc6 42. Rc7# 1-0